<?xml version="1.0" encoding="UTF-8"?>
<record
    xmlns:xsi="http://www.w3.org/2001/XMLSchema-instance"
    xsi:schemaLocation="http://www.loc.gov/MARC21/slim http://www.loc.gov/standards/marcxml/schema/MARC21slim.xsd"
    xmlns="http://www.loc.gov/MARC21/slim">

  <leader>02525nam a2200313 a 4500</leader>
  <controlfield tag="003">CHAP</controlfield>
  <controlfield tag="005">20250207181451.0</controlfield>
  <controlfield tag="007">ta</controlfield>
  <controlfield tag="008">250207s2019    mx a|||fr|||| 001 0 spa d</controlfield>
  <datafield tag="040" ind1=" " ind2=" ">
    <subfield code="a">mxchpua</subfield>
    <subfield code="c">CHAP</subfield>
    <subfield code="e">rda</subfield>
  </datafield>
  <datafield tag="041" ind1=" " ind2=" ">
    <subfield code="a">spa</subfield>
    <subfield code="b">spa</subfield>
    <subfield code="f">spa</subfield>
    <subfield code="h">spa</subfield>
  </datafield>
  <datafield tag="050" ind1="1" ind2="0">
    <subfield code="a">SB379.A4</subfield>
    <subfield code="b">.A38 2019</subfield>
  </datafield>
  <datafield tag="082" ind1="0" ind2="0">
    <subfield code="2">20</subfield>
    <subfield code="a">664.80465306</subfield>
    <subfield code="b">A38 2019</subfield>
  </datafield>
  <datafield tag="100" ind1="1" ind2=" ">
    <subfield code="a">Aguilar Ch&#xE1;vez, Katia</subfield>
    <subfield code="9">190086</subfield>
  </datafield>
  <datafield tag="245" ind1="1" ind2="6">
    <subfield code="a">Los 6 pasos para cumplir con la Norma de Productos Agr&#xED;colas Frescos FSMA /</subfield>
    <subfield code="c">Katia Aguilar Ch&#xE1;vez</subfield>
  </datafield>
  <datafield tag="250" ind1=" " ind2=" ">
    <subfield code="a">1a edici&#xF3;n</subfield>
  </datafield>
  <datafield tag="264" ind1=" " ind2=" ">
    <subfield code="a">M&#xE9;xico :</subfield>
    <subfield code="b">APEAM,</subfield>
    <subfield code="c">2019</subfield>
  </datafield>
  <datafield tag="300" ind1=" " ind2=" ">
    <subfield code="a">78 p&#xE1;ginas :</subfield>
    <subfield code="b">ilustraciones, tablas</subfield>
  </datafield>
  <datafield tag="336" ind1=" " ind2=" ">
    <subfield code="2">rdacontent</subfield>
    <subfield code="a">texto</subfield>
    <subfield code="b">txt</subfield>
  </datafield>
  <datafield tag="337" ind1=" " ind2=" ">
    <subfield code="2">rdamedia</subfield>
    <subfield code="a">sin medio</subfield>
    <subfield code="b">n</subfield>
  </datafield>
  <datafield tag="338" ind1=" " ind2=" ">
    <subfield code="2">rdacarrier</subfield>
    <subfield code="a">volumen</subfield>
    <subfield code="b">nc</subfield>
  </datafield>
  <datafield tag="505" ind1="0" ind2=" ">
    <subfield code="a">1. Salud, higiene y capacitaci&#xF3;n de los trabajadores --
2. Mejoradores del suelo --
3. Fauna silvestre, animales dom&#xE9;sticos y uso del suelo --
4. Agua para la producci&#xF3;n --
5. Agua de uso postcosecha --
6. Manejo postcosecha y saneamiento</subfield>
  </datafield>
  <datafield tag="520" ind1="2" ind2=" ">
    <subfield code="a">La Norma de inocuidad de los productos agr&#xED;colas frescos es parte de la Ley de Modernizaci&#xF3;n de la Inocuidad de los Alimentos (FSMA, por sus siglas en ingl&#xE9;s) de la FDA que fue firmada como ley el 4 de enero de 2011 por el Presidente Obama. Esta regulaci&#xF3;n se enfoca en establecer las primeras normas reglamentarias federales de los est&#xE1;ndares para la producci&#xF3;n, cosecha y manejo de frutas y verduras, en un esfuerzo por prevenir la contaminaci&#xF3;n microbiana y reducir las enfermedades transmitidas por los alimentos asociadas con los productos frescos. 

La norma de seguridad de los productos agr&#xED;colas establece, por primera vez, est&#xE1;ndares m&#xED;nimos basados &#x200B;&#x200B;en la ciencia para el cultivo, la cosecha, el empaque y la conservaci&#xF3;n seguros de frutas y verduras cultivadas para el consumo humano. La norma forma parte de los esfuerzos continuos de la agencia para implementar la Ley de Modernizaci&#xF3;n de la Seguridad Alimentaria de la FDA. La norma final entr&#xF3; en vigencia el 26 de enero de 2016.

Esta es una gu&#xED;a para implementar la Norma de Productos Agr&#xED;colas Frescos en los huertos de aguacate en base a los requisitos descritos en el Reglamento de Productos Agr&#xED;colas Frescos de la Ley FSMA.</subfield>
  </datafield>
  <datafield tag="650" ind1="1" ind2="7">
    <subfield code="a">Aguacate</subfield>
    <subfield code="x">Calidad del producto</subfield>
    <subfield code="x">Normas</subfield>
    <subfield code="2">atg</subfield>
    <subfield code="9">2540</subfield>
  </datafield>
  <datafield tag="650" ind1="1" ind2="3">
    <subfield code="a">Calidad de la fruta</subfield>
    <subfield code="x">Manuales  </subfield>
    <subfield code="x">Normas</subfield>
    <subfield code="9">163045</subfield>
  </datafield>
  <datafield tag="650" ind1="1" ind2="3">
    <subfield code="a">Avocados</subfield>
    <subfield code="x">Product quality</subfield>
    <subfield code="x">Standards</subfield>
    <subfield code="2">atg</subfield>
    <subfield code="9">190087</subfield>
  </datafield>
  <datafield tag="650" ind1="1" ind2="3">
    <subfield code="a">Fruit quality</subfield>
    <subfield code="x">Manuals, textbooks, etc</subfield>
    <subfield code="x">Standards</subfield>
    <subfield code="2">atg</subfield>
    <subfield code="9">163046</subfield>
  </datafield>
  <datafield tag="942" ind1=" " ind2=" ">
    <subfield code="2">ddc</subfield>
    <subfield code="c">LIBRO</subfield>
  </datafield>
  <datafield tag="999" ind1=" " ind2=" ">
    <subfield code="c">220444</subfield>
    <subfield code="d">220444</subfield>
  </datafield>
  <datafield tag="952" ind1=" " ind2=" ">
    <subfield code="0">0</subfield>
    <subfield code="1">0</subfield>
    <subfield code="2">ddc</subfield>
    <subfield code="4">0</subfield>
    <subfield code="5">1</subfield>
    <subfield code="7">0</subfield>
    <subfield code="8">GRAL</subfield>
    <subfield code="a">IA_</subfield>
    <subfield code="b">IA_</subfield>
    <subfield code="d">2025-02-03</subfield>
    <subfield code="e">Donaci&#xF3;n</subfield>
    <subfield code="i">Donaci&#xF3;n</subfield>
    <subfield code="l">0</subfield>
    <subfield code="o">664.80465306 A38 2019</subfield>
    <subfield code="p">1102015256</subfield>
    <subfield code="r">2025-02-07 18:02:25</subfield>
    <subfield code="t">Ej. 1</subfield>
    <subfield code="w">2025-02-07</subfield>
    <subfield code="y">LIBRO</subfield>
  </datafield>
  <datafield tag="952" ind1=" " ind2=" ">
    <subfield code="0">0</subfield>
    <subfield code="1">0</subfield>
    <subfield code="2">ddc</subfield>
    <subfield code="4">0</subfield>
    <subfield code="5">5</subfield>
    <subfield code="7">0</subfield>
    <subfield code="8">GRAL</subfield>
    <subfield code="a">IA_</subfield>
    <subfield code="b">IA_</subfield>
    <subfield code="d">2025-02-03</subfield>
    <subfield code="e">Donaci&#xF3;n</subfield>
    <subfield code="i">Donaci&#xF3;n</subfield>
    <subfield code="l">0</subfield>
    <subfield code="o">664.80465306 A38 2019</subfield>
    <subfield code="p">1102015257</subfield>
    <subfield code="r">2025-02-07 18:02:25</subfield>
    <subfield code="t">Ej. 2</subfield>
    <subfield code="w">2025-02-07</subfield>
    <subfield code="y">LIBRO</subfield>
  </datafield>
  <datafield tag="952" ind1=" " ind2=" ">
    <subfield code="0">0</subfield>
    <subfield code="1">0</subfield>
    <subfield code="2">ddc</subfield>
    <subfield code="4">0</subfield>
    <subfield code="5">5</subfield>
    <subfield code="7">0</subfield>
    <subfield code="8">GRAL</subfield>
    <subfield code="a">IA_</subfield>
    <subfield code="b">IA_</subfield>
    <subfield code="d">2025-02-03</subfield>
    <subfield code="e">Donaci&#xF3;n</subfield>
    <subfield code="i">Donaci&#xF3;n</subfield>
    <subfield code="l">0</subfield>
    <subfield code="o">664.80465306 A38 2019</subfield>
    <subfield code="p">1102015258</subfield>
    <subfield code="r">2025-02-07 18:02:25</subfield>
    <subfield code="t">Ej. 3</subfield>
    <subfield code="w">2025-02-07</subfield>
    <subfield code="y">LIBRO</subfield>
  </datafield>
  <datafield tag="952" ind1=" " ind2=" ">
    <subfield code="0">0</subfield>
    <subfield code="1">0</subfield>
    <subfield code="2">ddc</subfield>
    <subfield code="4">0</subfield>
    <subfield code="5">5</subfield>
    <subfield code="7">0</subfield>
    <subfield code="8">GRAL</subfield>
    <subfield code="a">IA_</subfield>
    <subfield code="b">IA_</subfield>
    <subfield code="d">2025-02-03</subfield>
    <subfield code="e">Donaci&#xF3;n</subfield>
    <subfield code="i">Donaci&#xF3;n</subfield>
    <subfield code="l">0</subfield>
    <subfield code="o">664.80465306 A38 2019</subfield>
    <subfield code="p">1102015259</subfield>
    <subfield code="r">2025-02-07 18:02:25</subfield>
    <subfield code="t">Ej. 4</subfield>
    <subfield code="w">2025-02-07</subfield>
    <subfield code="y">LIBRO</subfield>
  </datafield>
  <datafield tag="952" ind1=" " ind2=" ">
    <subfield code="0">0</subfield>
    <subfield code="1">0</subfield>
    <subfield code="2">ddc</subfield>
    <subfield code="4">0</subfield>
    <subfield code="5">5</subfield>
    <subfield code="7">0</subfield>
    <subfield code="8">GRAL</subfield>
    <subfield code="a">IA_</subfield>
    <subfield code="b">IA_</subfield>
    <subfield code="d">2025-02-03</subfield>
    <subfield code="e">Donaci&#xF3;n</subfield>
    <subfield code="i">Donaci&#xF3;n</subfield>
    <subfield code="l">0</subfield>
    <subfield code="o">664.80465306 A38 2019</subfield>
    <subfield code="p">1102015260</subfield>
    <subfield code="r">2025-02-07 18:02:25</subfield>
    <subfield code="t">Ej. 5</subfield>
    <subfield code="w">2025-02-07</subfield>
    <subfield code="y">LIBRO</subfield>
  </datafield>
</record>
